00449nam a22001577a 450000500170000001000150001702000260003203500140005803700130007208200080008510000160009324500740010926000440018327000450022730000190027220240311122051.0 aENG-139617 c295.00a9789384346928 aEN-123149 bDBAD/PUB a920 aDe Amalendu aIn Search of Siraj's Son and Descendants/cTranslated by Nandini Guha aKolkatabParul Prakashani Pvt Ltdc2012 bKolkataa8/3 Chintamoni Das Lanee700009 a96p;c25cm(hb)